000 005660000a22001810004500
001 768714001
003 CO-MdFUSB
005 20170419161720.0
008 170419s2001 cr ||||| |||| 00| 0 spa d
040 _aCO-MdFUSB
_bspa
_cCO-MdFUSB
_dCO-MdFUSB
041 _aspa
245 1 0 _aFuentes de recursos
300 _aVolumen 1-4, número 1-12, (2001), Página 4
_c27 cm.
546 _aTexto en español
650 1 4 _aTRABAJO SOCIAL CON NIÑOS
773 0 _tAlcanzando a los Niños en Riesgo
_049458
_960566
_gVolumen 1-4, número 1-12, (2001)
_qPágina 4
942 _cANA
999 _c49563
_d49563